书目信息 |
| 题名: |
克拉拉·蔡特金
|
|
| 作者: | 伊尔伯格 , Ilberg 著 ;黄贤俊 译 | |
| 分册: | ||
| 出版信息: | 北京 中国青年出版社 1959 |
|
| 页数: | 207页 | |
| 开本: | 19cm | |
| 丛书名: | ||
| 单 册: | ||
| 中图分类: | K835.167.5 | |
| 科图分类: | ||
| 主题词: | ||
| 电子资源: | ||
| ISBN: | 11009.34 | |
| 000 | 00890cam0 2200289 450 | |
| 001 | 0105459529 | |
| 005 | 20070314142424.0 | |
| 010 | @a11009.34@dCNY0.48 | |
| 091 | @a11009.34@dCNY0.48 | |
| 100 | @a19960326d1959 em y0chiy0110 ea | |
| 101 | 1 | @achi@cger |
| 102 | @aCN@b110000 | |
| 105 | @ay z 000yb | |
| 106 | @ar | |
| 200 | 1 | @a克拉拉·蔡特金@9Ke La La · Cai Te Jin @f(德)汉娜·伊尔伯格(H.K835.167.5)著@g黄贤俊译@b专著 |
| 210 | @a北京@c中国青年出版社@d1959 | |
| 215 | @a207页@d19cm | |
| 300 | @a据1956年德文版译出 | |
| 510 | 1 | @aClara zetkin@zger |
| 600 | 0 | @a蔡特金@c(Zetkin, K.@f1857-1933)@x传记 |
| 690 | @aK835.167.5@v3 | |
| 701 | 1 | @a伊尔伯格@9yi er bo ge@bH.@4著 |
| 701 | 1 | @aIlberg@bJanna@4著 |
| 702 | 0 | @a黄贤俊@f(1911~1985)@9huang xian jun@4译 |
| 801 | 0 | @aCN@b上海图书馆@c19970403 |
| 801 | 2 | @aCN@bAiZhiMarc |
| 905 | @aBZT@dK835.167.5@e6@f1@sK835.167.5/6 | |
| 克拉拉·蔡特金/(德)汉娜·伊尔伯格(H.K835.167.5)著/黄贤俊译.-北京:中国青年出版社,1959 |
| 207页;19cm |
| 据1956年德文版译出 |
| ISBN 11009.34:CNY0.48 |
| ● |
| 相关链接 |
|
|
|
正题名:克拉拉·蔡特金
索取号:K835.167.5/6
 
预约/预借
| 序号 | 登录号 | 条形码 | 馆藏地/架位号 | 状态 | 备注 |
| 1 | 2000133868 | 2000133868 | 旧书回溯/ [索取号:K835.167.5/6] | 在馆 |